<?xml version="1.0" encoding="UTF-8"?><?xml-stylesheet type="text/xsl" href="static/style.xsl"?><OAI-PMH xmlns="http://www.openarchives.org/OAI/2.0/" xmlns:xsi="http://www.w3.org/2001/XMLSchema-instance" xsi:schemaLocation="http://www.openarchives.org/OAI/2.0/ http://www.openarchives.org/OAI/2.0/OAI-PMH.xsd"><responseDate>2026-04-13T02:06:36Z</responseDate><request verb="GetRecord" identifier="oai:www.recercat.cat:2072/382692" metadataPrefix="marc">https://recercat.cat/oai/request</request><GetRecord><record><header><identifier>oai:recercat.cat:2072/382692</identifier><datestamp>2024-10-29T17:44:32Z</datestamp><setSpec>com_2072_98</setSpec><setSpec>col_2072_378192</setSpec></header><metadata><record xmlns="http://www.loc.gov/MARC21/slim" xmlns:dcterms="http://purl.org/dc/terms/" xmlns:xsi="http://www.w3.org/2001/XMLSchema-instance" xmlns:doc="http://www.lyncode.com/xoai" xsi:schemaLocation="http://www.loc.gov/MARC21/slim http://www.loc.gov/standards/marcxml/schema/MARC21slim.xsd">
   <leader>00925njm 22002777a 4500</leader>
   <datafield ind2=" " ind1=" " tag="042">
      <subfield code="a">dc</subfield>
   </datafield>
   <datafield ind2=" " ind1=" " tag="720">
      <subfield code="a">Marull, Joan</subfield>
      <subfield code="e">author</subfield>
   </datafield>
   <datafield ind2=" " ind1=" " tag="720">
      <subfield code="a">Pino i Vilalta, Joan</subfield>
      <subfield code="e">author</subfield>
   </datafield>
   <datafield ind2=" " ind1=" " tag="720">
      <subfield code="a">Carreras i Raurell, Jordi</subfield>
      <subfield code="e">author</subfield>
   </datafield>
   <datafield ind2=" " ind1=" " tag="720">
      <subfield code="a">Ferré, Albert</subfield>
      <subfield code="e">author</subfield>
   </datafield>
   <datafield ind2=" " ind1=" " tag="720">
      <subfield code="a">Cordobilla, María José</subfield>
      <subfield code="e">author</subfield>
   </datafield>
   <datafield ind2=" " ind1=" " tag="720">
      <subfield code="a">Llinàs, Joana</subfield>
      <subfield code="e">author</subfield>
   </datafield>
   <datafield ind2=" " ind1=" " tag="720">
      <subfield code="a">Rodà, F. (Ferran), 1953-</subfield>
      <subfield code="e">author</subfield>
   </datafield>
   <datafield ind2=" " ind1=" " tag="720">
      <subfield code="a">Carrillo, Empar</subfield>
      <subfield code="e">author</subfield>
   </datafield>
   <datafield ind2=" " ind1=" " tag="720">
      <subfield code="a">Ninot i Sugrañes, Josep Maria</subfield>
      <subfield code="e">author</subfield>
   </datafield>
   <datafield ind2=" " ind1=" " tag="260">
      <subfield code="c">2004</subfield>
   </datafield>
   <datafield ind2=" " ind1=" " tag="520">
      <subfield code="a">Es presenta la primera fase de desenvolupament conceptual i metodològic de l'índex del valor del patrimoni natural (IVPN), un índex d'expressió cartogràfica que pretén avaluar el conjunt del territori català amb criteris homogenis, per tal que sigui utilitzable en l'avaluació ambiental estratègica de plans i programes. La principal informació de base correspon a la cartografia dels hàbitats de Catalunya (escala 1:50.000), triada per la seva resolució espacial i temàtica i perquè cobreix la totalitat de Catalunya, i complementada amb informació bibliogràfica i cartogràfica diversa. S'ha dut a terme una selecció experta de variables florístiques i fitocenològiques, corològiques, ecopaisatgístiques i de servei ecològic, que s'han disposat en un sistema jeràrquic amb divuit indicadors de base, quatre índexs parcials i un -l'IVPN- de total. El treball també presenta, de forma sumària, algunes valoracions relatives al mètode, els resultats obtinguts i les possibilitats d'ús en la planificació i la gestió territorials.</subfield>
   </datafield>
   <datafield ind2=" " ind1=" " tag="520">
      <subfield code="a">Se presenta la primera fase de desarrollo conceptual y metodológico del índice del valor del patrimonio natural (IVPN), un índice de expresión cartográfica que pretende evaluar el territorio catalán con criterios homogéneos, de manera que sea utilizable en la evaluación ambiental estratégica de planes y programas. La principal información de base corresponde a la cartografía de los hábitats de Cataluña (escala 1:50.000), elegida por su resolución espacial y temática y porque cubre la totalidad de Cataluña, y complementada con información bibliográfica y cartográfica diversa. Se ha llevado a cabo una selección experta de variables florísticas y fitocenológicas, corológicas, ecopaisajísticas y de servicio ecológico, que se han dispuesto en un sistema jerárquico con dieciocho indicadores de base, cuatro índices parciales y uno -el IVPN- total. El trabajo también presenta, de forma sumaria, algunas valoraciones relativas al método, los resultados obtenidos y las posibilidades de uso en la planificación y la gestión territoriales.</subfield>
   </datafield>
   <datafield ind2=" " ind1=" " tag="520">
      <subfield code="a">The first phase of development of the Natural Heritage Value Index (NHVI) of Catalonia is presented. This is a cartographical index aimed at evaluating the Catalan territory as a whole using homogeneous criteria, so that it may be used in the strategic environmental assessment of plans and programmes. The basis is the habitats map of Catalonia (1:50.000), which was considered to be the most suitable owing to its spatial and thematic resolution and because it covers the whole of Catalonia. The map was complemented by bibliographical information and ancillary cartography. A set of parameters concerning floristics, phytosociology, chorology, landscape structure, and ecological services of habitats were chosen by expert judgement. They were organised into a hierarchical system of 18 fundamental indicators, 4 partial indices and one global index, the NHVI. The study also discusses briefly the validity of the methods and results, and their possible use in land planning and management.</subfield>
   </datafield>
   <datafield tag="653" ind2=" " ind1=" ">
      <subfield code="a">Patrimoni natural</subfield>
   </datafield>
   <datafield tag="653" ind2=" " ind1=" ">
      <subfield code="a">índex ecològic</subfield>
   </datafield>
   <datafield tag="653" ind2=" " ind1=" ">
      <subfield code="a">Avaluació ambiental estratégica</subfield>
   </datafield>
   <datafield tag="653" ind2=" " ind1=" ">
      <subfield code="a">Biologia de la conservació</subfield>
   </datafield>
   <datafield tag="653" ind2=" " ind1=" ">
      <subfield code="a">Patrimonio natural</subfield>
   </datafield>
   <datafield tag="653" ind2=" " ind1=" ">
      <subfield code="a">índice ecológico</subfield>
   </datafield>
   <datafield tag="653" ind2=" " ind1=" ">
      <subfield code="a">Evaluación ambiental estratégica</subfield>
   </datafield>
   <datafield tag="653" ind2=" " ind1=" ">
      <subfield code="a">Biología de la conservación</subfield>
   </datafield>
   <datafield tag="653" ind2=" " ind1=" ">
      <subfield code="a">Natural heritage</subfield>
   </datafield>
   <datafield tag="653" ind2=" " ind1=" ">
      <subfield code="a">Ecological index</subfield>
   </datafield>
   <datafield tag="653" ind2=" " ind1=" ">
      <subfield code="a">Strategic environmental assessment</subfield>
   </datafield>
   <datafield tag="653" ind2=" " ind1=" ">
      <subfield code="a">Conservation biology</subfield>
   </datafield>
   <datafield ind2="0" ind1="0" tag="245">
      <subfield code="a">Primera proposta d'índex del valor del patrimoni natural de Catalunya (IVPN), una eina cartogràfica per a l'avaluació ambiental estratègica</subfield>
   </datafield>
</record></metadata></record></GetRecord></OAI-PMH>